| 000 | 00666nam a2200205Ii 4500 | ||
|---|---|---|---|
| 003 | JO-AjNU | ||
| 008 | 230605s9999||||xx |||||||||||||| ||und|| | ||
| 040 |
_aJO-AjNU _bara _erda _cJO-AjNU |
||
| 041 | _aara | ||
| 050 | 1 | 4 | _aPJ7842.H222 T2 2010 |
| 100 | 3 |
_aخال، عبده, _eauthor _959541 |
|
| 245 | 0 | 0 | _aترمي بشرر... |
| 250 | _aط3 | ||
| 264 | 3 | 1 | _aبيروت : منشورات الجمل، 2010 |
| 300 |
_a416ص _bجائزة البوكر للرواية العربية 2010 |
||
| 336 |
_atext _btxt _2rdacontent |
||
| 337 |
_aunmediated _bn _2rdamedia |
||
| 338 |
_avolume _bnc _2rdacarrier |
||
| 650 | 4 |
_aرواياتحديثة- ادب عربي _959542 |
|
| 999 |
_aA26799 _c30367 _d30367 |
||